Normal view MARC view
  • Law, Arbitration Act, 1940

Entry Topical Term

Number of records used in: 1

001 - CONTROL NUMBER

  • control field: 128146

003 - CONTROL NUMBER IDENTIFIER

  • control field: NUST

005 - DATE AND TIME OF LATEST TRANSACTION

  • control field: 20250304112742.0

008 - FIXED-LENGTH DATA ELEMENTS

  • fixed length control field: 250304|| aca||aabn | a|a d

040 ## - CATALOGING SOURCE

  • Original cataloging agency: NUST
  • Transcribing agency: NUST

150 ## - HEADING--TOPICAL TERM

  • Topical term or geographic name entry element: Law, Arbitration Act, 1940

670 ## - SOURCE DATA FOUND

  • Source citation: Work cat.: (NUST): Sharif, Kh. Muhammad 128145, Arbitration Act, (X 0F1940 /, 2022.
© 2023 Central Library, National University of Sciences and Technology. All Rights Reserved.